| 000 | 00722nam a2200253Ia 4500 | ||
|---|---|---|---|
| 005 | 20250425160652.0 | ||
| 008 | 250425s9999 xx 000 0 und d | ||
| 020 | _a9684227965 | ||
| 041 | _aspa | ||
| 082 | _a658.568 | ||
| 100 | _aGONZALEZ GONZALEZ, CARLOS | ||
| 245 | 0 | _aCONTROL DE CALIDAD | |
| 250 | _a1A ED. | ||
| 260 | _aMEXICO | ||
| 260 |
_aMéxico _bMCGRAW-HILL _c1991 |
||
| 300 | _a323 | ||
| 520 | _aAUTOR DE ESTE LIBRO OFRECE UNA GUIA PRECISA A PRINCIPIANTES COMO AVANZADOS, SOBRE TECNICAS DEL CONTROL DE CALIDAD. | ||
| 650 | _aANALISIS ESTADISTICO | ||
| 650 | _aCONTROL DE CALIDAD | ||
| 650 | _aDISEÑO EXPERIMENTAL | ||
| 650 | _aDISTRIBUCIONES DE FRECUENCIA | ||
| 942 | _c01 | ||
| 010 | _a1876 | ||
| 999 |
_c193753 _d193753 |
||